Top 20 Richest Countries by GDP per capita. - Statistics

General Stats
  • This quiz has been taken 1,000 times
  • The average score is 16 of 20
Answer Stats
Rank US$ Answer % Correct
11 49,922 U.S.A
97%
9 52,232 Canada
89%
3 99,462 Norway
89%
8 55,158 Sweden
87%
13 46,736 Japan
85%
1 107,206 Luxembourg
85%
4 79,033 Switzerland
84%
5 67,723 Australia
83%
15 46,098 Finland
83%
7 56,202 Denmark
81%
2 99,731 Qatar
80%
6 64,840 U.A.E
80%
14 46,142 Netherlands
79%
10 51,162 Singapore
79%
18 43,686 Belgium
75%
12 47,083 Austria
73%
16 45,888 Ireland
73%
19 41,740 Iceland
72%
17 45,824 Kuwait
66%
20 41,703 Brunei
51%
No matching quizzes found
Score Distribution
Percent of People with Each Score
Percentile by Number Answered
Your Score History
You have not taken this quiz